Igor Tudor's Juventus - Statistics

General Stats
  • This quiz has been taken 19 times
  • The average score is 21 of 30
Answer Stats
Rank Player Position Nationality Matches Goals Assists % Correct
1 Weston McKennie Central Midfield 23 0 1
95%
2 Lloyd Kelly Centre-Back 22 2 1
89%
8 Dušan Vlahović Centre-Forward 21 7 5
79%
15 Jonathan David Centre-Forward 10 1 1
79%
5 Kenan Yıldız Left Winger 22 8 8
79%
7 Khéphren Thuram Central Midfield 22 2 4
79%
6 Manuel Locatelli Defensive Midfield 22 2 0
79%
29 Mattia Perin Goalkeeper 2 0 0
79%
4 Pierre Kalulu Centre-Back 22 0 2
79%
9 Andrea Cambiaso Left Midfield 20 0 3
74%
26 Douglas Luiz Central Midfield 5 0 0
74%
12 Federico Gatti Centre-Back 16 1 0
74%
23 Filip Kostić Left Midfield 7 0 1
74%
10 Francisco Conceição Right Winger 18 4 1
74%
3 Michele Di Gregorio Goalkeeper 22 0 0
74%
24 Bremer Centre-Back 5 0 2
68%
28 Edon Zhegrova Right Winger 3 0 0
68%
27 Juan Cabal Left-Back 3 1 0
68%
22 Loïs Openda Centre-Forward 7 0 0
68%
11 Teun Koopmeiners Attacking Midfield 17 2 0
68%
17 Timothy Weah Right Winger 10 0 0
68%
21 Vasilije Adžić Attacking Midfield 9 1 0
68%
25 Daniele Rugani Centre-Back 5 0 0
63%
20 João Mário Right Midfield 9 0 1
63%
16 Alberto Costa Right-Back 10 0 3
58%
13 Nico González Left Winger 14 2 0
58%
14 Randal Kolo Muani Centre-Forward 11 5 1
58%
18 Renato Veiga Centre-Back 9 0 1
53%
30 Samuel Mbangula Left Winger 2 0 0
53%
19 Nicolò Savona Right-Back 9 0 0
47%
No matching quizzes found
Score Distribution
Percent of People with Each Score
Percentile by Number Answered
Your Score History
You have not taken this quiz